Представление документа в формате RUSMARC

ПолеНазваниеЗначение
  Тип записи a
  Библиографический уровень m
001 Контрольный номер UONB/MAIN/90e75eef7d9c4424b4be42b741358b24
005 Дата корректировки 20250520123102.4
010 Индекс ISBN __
d Цена 1 р. 60 к.
9 Тираж 3300 экз.
100 Данные общей обработки __
a Данные общей обработки 20240522d1982 u y0rusy0189## ca
101 Язык документа 0_
a Язык текста rus
102 Страна публикации __
a Страна публикации RU
105 Кодированные данные (монография) __
a Кодированные данные (монография) y z 000yy
200 Заглавие и сведения об ответственности 1_
a Заглавие Экологическая проблема в современных теориях общественного развития
f Первые сведения об ответственности И.И. Кравченко
g Последующие сведения об ответственности Акад. наук СССР, Ин-т науч. информ. по обществ. наукам, ВНИИ систем. исслед.
210 Выходные данные 1_
a Место издания Москва
c Издательство Наука
d Дата издания 1982
215 Физическое описание __
a Объем 214 с.
d Формат 21 см
606 Тематические рубрики 0_
a Основная рубрика Социальная экология
x Основная подрубрика Буржуазные теории
610 Ключевые слова 0_
a Ключевые слова социальная экология; буржуазные теории; экологические проблемы
686 Индексы других классификаций __
a Классификационный индекс 60.550.03
2 Код системы rubbk
700 Автор _1
a Фамилия Кравченко
b Имя (инициалы) И.И.
g Полное личное имя Игорь Иванович
712 Наименование организации (Вторичная ответственность) 02
a Организация/ юрисдикция Институт научной информации по общественным наукам
4 Код отношения 570
712 Наименование организации (Вторичная ответственность) 02
a Организация/ юрисдикция Всесоюзный научно-исследовательский институт системных исследований
4 Код отношения 570
801 Источник записи _0
a Страна RU
b Организация Ульяновская ОНБ
c Дата составления 20240522
g Правила каталогизации RCR
801 Источник записи _1
a Страна RU
b Организация Ульяновская ОНБ
c Дата составления 20240522
g Правила каталогизации RCR
901 Тип документа __
t Тип документа m
909 Создатель записи __
a Создатель записи Батталова
b Дата создания записи 20240522